000 00309nam a22001337a 4500
008 170403b xxu||||| |||| 00| 0 eng d
020 _a04710606666
041 _aeng
080 _a574
100 _a9
101 _aSHM
245 _aMICROCLIMATE THE BIOLOGICAL ENVIRONMENT
_cROSENBERG.N.J
942 _2udc
_cBK
999 _c9522
_d9522